Penny For Your Thoughts Quiz Stats

 Plays Quiz not verified by Sporcle

Support Sporcle.
Go Orange.
Score 0/20 Timer 04:00
0 Plays Today
Clue Answer % Correct
1967 Beatles single, #1 on US chartPenny Lane
95.5%
Completes the adage: 'A penny saved is a…'penny earned
85.5%
Someone who is excessively careful with moneyPenny pincher
81.8%
Begins the adage: '…, pound-foolish'Penny-wise
74.1%
Common shares of small public companies that typically trade at less than $5.00Penny stock
70%
Casual shoes into which coins were inserted as fashion statementsPenny loafers
69.1%
Dated term for small confections sold by the piecePenny candy
68.2%
Director of motion pictures Big and A League of Their OwnPenny Marshall
65.5%
Archaic amusement venue, or a popular webcomic of the same namePenny Arcade
60.9%
Small stake to enter a card game, often pokerPenny ante
55.9%
Clue Answer % Correct
She portrays Penny on CBS' The Big Bang Theory Kaley Cuoco
55.5%
She believed Chicken LittleHenny Penny
52.3%
4-time NBA All-Star, real first name AnferneePenny Hardaway
46.8%
Simple flute-like wind instrumentPenny whistle
44.5%
A type of bicycle with a large front wheel and a much smaller rear wheelPenny-farthing
39.5%
Colourful name for the world's first adhesive postage stampPenny Black
34.5%
1928 musical by Bertolt Brecht & Kurt Weill The Threepenny Opera
31.4%
2-time MLB All-Star pitcher, signed with Detroit Tigers for 2011Brad Penny
28.2%
1984 Lionel Richie single, #8 on US chartPenny Lover
22.7%
Star of many films based on the comic strip, BlondiePenny Singleton
13.2%

You're not logged in!

Compare scores with friends on all Sporcle quizzes.
OR
Log In

From the Vault

November in Other Languages

by khands

Remember, remember the words for November.
Remove Ads.
Support Sporcle.
Get the best of Sporcle when you Go Orange. This ad-free experience offers more features, more stats, and more fun while also helping to support Sporcle. Thank you for becoming a member.

Show Comments

Extras

Created Feb 27, 2011ReportNominate
Tags:Penny

Top Quizzes Today


Score Distribution

Your Account Isn't Verified!

In order to create a playlist on Sporcle, you need to verify the email address you used during registration. Go to your Sporcle Settings to finish the process.

Report this User

Report this user for behavior that violates our Community Guidelines.

Details: